| Tag |
First Indicator |
Second Indicator |
Subfields |
| LEADER |
00000ccm a2200000Ii 4500 |
| 001 |
in00003965599 |
| 005 |
20201205063401.0 |
| 008 |
180214t18921892xx mua n c eng d |
| 035 |
|
|
|a (OCoLC)on1023031290
|
| 040 |
|
|
|a TXA
|b eng
|e rda
|c TXA
|
| 035 |
|
|
|a (OCoLC)1023031290
|
| 048 |
|
|
|a vn01
|a ka01
|
| 048 |
|
|
|a ka01
|
| 050 |
|
4 |
|a M1
|b .O87 1892b
|
| 049 |
|
|
|a TXAM
|
| 245 |
0 |
0 |
|a Our hearts' delight, or, Sweet melodies of the past and present :
|b a vast treasury of choice vocal and instrumental music /
|c by celebrated authors ... ; compiled by Charles F. Escher, Jr.
|
| 246 |
3 |
0 |
|a Sweet melodies of the past and present
|
| 246 |
3 |
0 |
|a Vast treasury of choice vocal and instrumental music by celebrated authors
|
| 264 |
|
1 |
|a [Place of publication not identified] :
|b Frank E. Wright,
|c [1892]
|
| 264 |
|
4 |
|c ©1892
|
| 300 |
|
|
|a 1 score (416 pages) :
|b illustrations (some color) ;
|c 31 cm
|
| 336 |
|
|
|a notated music
|b ntm
|2 rdacontent
|
| 337 |
|
|
|a unmediated
|b n
|2 rdamedia
|
| 338 |
|
|
|a volume
|b nc
|2 rdacarrier
|
| 500 |
|
|
|a Songs for unspecified voice and piano, and piano music; many of the pieces are arrangements.
|
| 500 |
|
|
|a Includes: Biographical sketches of popular composers, singers and instrumentalists (pages 405-416).
|
| 500 |
|
|
|a Illustrated cover; includes incipit of "Home, sweet home."
|
| 500 |
|
|
|a Includes index.
|
| 500 |
|
|
|a The Cushing Library/Rare Books collection copy imperfect: some plates missing.
|5 TXA
|
| 650 |
|
0 |
|a Songs with piano.
|
| 650 |
|
0 |
|a Sacred songs with piano.
|
| 650 |
|
0 |
|a Piano music.
|
| 650 |
|
0 |
|a Piano music, Arranged.
|
| 650 |
|
0 |
|a Operas
|v Excerpts, Arranged.
|
| 650 |
|
0 |
|a Popular music
|y 19th century.
|
| 650 |
|
7 |
|a Piano music.
|2 fast
|0 (OCoLC)fst01063403
|
| 650 |
|
7 |
|a Sacred songs with piano.
|2 fast
|0 (OCoLC)fst01103188
|
| 650 |
|
7 |
|a Songs with piano.
|2 fast
|0 (OCoLC)fst01126224
|
| 700 |
1 |
|
|a Escher, C. F.
|q (Charles Frederick),
|d 1813 or 1814-1903.
|
| 948 |
|
|
|a cataloged
|b h
|c 2018/2/14
|d o
|e fpiscitelli
|f 10:50:26 am
|
| 994 |
|
|
|a C0
|b TXA
|
| 999 |
f |
f |
|s 242df044-0b25-3383-a8a7-a4a5788abe1f
|i 2faea0b5-c104-3f3d-80af-7f1f3a61911c
|t 0
|
| 952 |
f |
f |
|p noncirc
|a Texas A&M University
|b College Station
|c Cushing Memorial Library & Archives
|d Cushing: Rare Books (Does not check out)
|t 0
|e M1 .O87 1892b
|h Library of Congress classification
|i unmediated -- volume
|
| 998 |
f |
f |
|a M1 .O87 1892b
|t 0
|l Cushing: Rare Books (Does not check out)
|